000
00310nam a22001457a 4500
008
210301b ||||| |||| 00| 0 eng d
020
_a
9780763797515
041
_a
eng
080
_2
2nd
_a
61
082
_a
61
100
_a
3
101
_a
SHM
245
_a
Global Health 101
_c
Skolnik, R
942
_2
udc
_c
BK
999
_c
55338
_d
55338